00393nam a2200157Ia 450000500170000000800410001702000150005808200190007310000170009224500320010926000370014130000170017865000150019565000140021065000110022420250320060452.0240331s9999 xx 000 0 und d a0070442967 a302bMYE23699 aMyers, D. G. 0aExploring Social Psychology aNew York,bMGraw-Hill inc.c1994 axiv, 428 p., aPsychology aDiversity aSocial